Central Library OPAC University of Rajshahi

The marriage relationship : (Record no. 35247)

MARC details
000 -LEADER
fixed length control field 00759nam a2200241 a 4500
001 - CONTROL NUMBER
control field 35247
003 - CONTROL NUMBER IDENTIFIER
rucl marc code BD-RjUL
005 - DATE AND TIME OF LATEST TRANSACTION
control field 20211209052303.0
008 - FIXED-LENGTH DATA ELEMENTS--GENERAL INFORMATION
fixed length control field 140522s1968 nyu b 001 0 eng d
035 ## - SYSTEM CONTROL NUMBER
System control number (BD-RjUL)
040 ## - CATALOGING SOURCE
Original cataloging agency BD-RjUL
Language of cataloging eng
Transcribing agency BD-RjUL
Modifying agency BD-RjUL
041 ## - LANGUAGE CODE
Language code of text/sound track or separate title eng
082 00 - DEWEY DECIMAL CLASSIFICATION NUMBER
Author mark and year MAR 1968
Classification number 616.89156
245 14 - TITLE STATEMENT
Title The marriage relationship :
Remainder of title psychoanalytic perspectives /
Statement of responsibility, etc. Edited by Salo Rosenbaum and Ian Alger.
260 ## - PUBLICATION, DISTRIBUTION, ETC. (IMPRINT)
Place of publication, distribution, etc. New York :
Name of publisher, distributor, etc. Basic Books,
Date of publication, distribution, etc. 1968.
300 ## - PHYSICAL DESCRIPTION
Pagination xvii, 366 p ;
Size 24 cm.
500 ## - GENERAL NOTE
General note Sponsored by the Society of Medical Psychoanalysts.
504 ## - BIBLIOGRAPHY, ETC. NOTE
Bibliography, etc Includes bibliographies and index
650 #0 - SUBJECT ADDED ENTRY--TOPICAL TERM
Topical term or geographic name as entry element Marriage counseling.
9 (RLIN) 16152
700 1# - ADDED ENTRY--PERSONAL NAME
Personal name Rosenbaum, Salo.
942 ## - ADDED ENTRY ELEMENTS (KOHA)
Source of classification or shelving scheme Dewey Decimal Classification
Koha item type Books
Holdings
Lost status Source of classification or shelving scheme Damaged status Not for loan Collection code Permanent Location Current Location Shelving location Date acquired Total Checkouts Full call number Date last seen Copy number Koha item type
  Dewey Decimal Classification   Not For Loan Non-fiction Central Library, University of Rajshahi Central Library, University of Rajshahi Reading Room 22/05/2014   616.89156 MAR 1968 22/05/2014 C-1 Books